| 000 | 00514cam a2200169 a 4500 | ||
|---|---|---|---|
| 001 | 000002380 | ||
| 005 | 20200929150206.0 | ||
| 008 | 750904s1947 xxua 001 0 eng | ||
| 040 |
_aDO-SdBNP _bspa _cBNPHU |
||
| 082 |
_a635.931 _bH834b |
||
| 100 | 1 |
_aHottes, Alfred Carl _d1891-1955. _97564 |
|
| 245 | 1 | 4 |
_aThe book of annuals / _cAlfred Carl Hottes. |
| 250 | _a3a ed. | ||
| 260 |
_aNew York : _bA. T. De La Mare company, inc., _c1947. |
||
| 300 |
_aviii, 172 p. : _bil., tablas ; _c20 cm. |
||
| 504 | _aIncluye índice | ||
| 999 |
_c2220 _d2220 |
||